000 01155cab a2200373 4500
001 ABS52882
008 090401t1995 xxu||||| |||| 00| 0 eng d
035 _a(Sirsi) u646
041 _aeng
245 _aBuilding homes
260 _c1995
300 _aLOAN
350 _a0
490 _aBuilding
_vSupplement 26 May 1995, (28)
520 _aA supplement on social housing including an examination of Labour`s policy for homes in the private sector, a comparison of the recladding techniques of panels and render for system-built housing, redevelopment of an east London estate, designed to suit the occupiers and new schemes from the Peabody Trust.
650 _aHIGH RISE FLATS
650 _aHOUSING ESTATES
650 _aLABOUR PARTY
650 _aLONDON
650 _aNETWORKING
650 _aPARTNERSHIPS
650 _aPEABODY TRUST
650 _aPRIVATE SECTOR
650 _aRECLADDING
650 _aREDEVELOPMENT
650 _aRENDER
650 _aSOCIAL HOUSING
650 _aSYSTEM BUILT HOUSING
650 _aTROWBRIDGE
690 _aBUILT ENVIRONMENT
690 _aHOUSING
942 _n0
948 _c04/03/1997
999 _c323
_d323